000 01647cab a2200361 4500
001 ABS68671
008 050126n2004 000 0 eng u
035 _a(Sirsi) u128624
100 _aWhitters, B.
245 4 _aThe enforceability of options over land
260 _c2004
490 _aEMIS Property Service
_v2(12) December 2004, 3-5(3)
520 _aOptions are granted in a variety of circumstances. Between landlords and tenants options to renew leases and options to purchase the reversion are common and developers often enter into options over freeholds pending the results of planning applications. The enforceability of options depends upon following the correct formalities for creation and protecting them by registration against the grantor's title. This article looks at both of these issues in relation to options relating to freeholds and leaseholds. [Taken from journal abstract].
590 _aABS
650 _aLAW OF PROPERTY (MISCELLANEOUS PROVISIONS) ACT 1989
650 _aSPIRO V GLENCROWN PROPERTIES
650 _aLAW OF PROPERTY ACT 1925
650 _aLAND CHARGES ACT 1972
650 _aHOLLINGTON BROS LTD V RHODES
650 _aMIDLAND BANK TRUST CO LTD V GREEN
650 _aWEBB V POLLMOUNT LTD
650 _aLAND REGISTRATION ACT 2002
650 _aLANDLORD AND TENANTS (COVENANTS) ACT 1995
650 _aLAW OF PROPERTY ACT 1922
650 _aWOODALL V CLIFTON
650 _aGRIFFITH V PELTON
650 _aPERPETUITIES AND ACCUMULATIONS ACT 1964
650 _aLAND REGISTRATION ACT 1925
650 _aLEASE RENEWAL
650 _aREVERSION
690 _aPROPERTY
942 _n0
999 _c74765
_d74765